Представление документа в формате RUSMARC

ПолеНазваниеЗначение
  Тип записи a
  Библиографический уровень m
001 Контрольный номер RU/ГПНТБ России/KNIGADB/Ш6(2=Р)7/Ц 74-486535
005 Дата корректировки 20201214114600.7
010 Индекс ISBN __
a ISBN 978-5-17-109396-9 (в пер.)
d Цена 273-90, 2000 экз.
100 Данные общей обработки __
a Данные общей обработки 19200116d2018 |||y0rusy0189 ca
101 Язык документа 0_
a Язык текста rus
102 Страна публикации __
a Страна публикации RU
102 Страна публикации __
a Страна публикации RU
105 Кодированные данные (монография) __
a Кодированные данные (монография) # |000zy
200 Заглавие и сведения об ответственности 1_
a Заглавие Заморок
e Сведения, относящиеся к заглавию роман
f Первые сведения об ответственности Алла Хемлин
b Общее обозначение материала Текст
210 Выходные данные __
a Место издания Москва
c Издательство АСТ
c Издательство CORPUS
d Дата издания 2018
215 Физическое описание __
a Объем 314, [1] с.
d Формат 21 см
225 Серия __
a Серия CORPUS
v Обозначение тома 487
330 Аннотация __
a Аннотация Действие романа Аллы Хемлин разворачивается в провинциальном украинском городе с 1941 по 1961 год. Персонажи пытаются строить жизнь по-новому, стремятся приручить собственные судьбы, однако те сопротивляются. Светлые планы, сулящие радостные переживания и ослепительные восторги чувств, оборачиваются мутной реальностью. Заморок – вот форма существования героев. Это то самое покрывало майи, сквозь которое они смотрят на мир, уже не силясь понять, существует он или нет. Разворачивающаяся в книге Хемлин речевая стихия сродни стихии музыкальной. Переходы от смешного к трагическому, от рационального к иррациональному, от надежды к экзистенциальному ужасу, от нормы к аномалии происходят, как в музыке – с одного такта, с одного предложения. Язык как метафизическая сущность противостоит всепожирающему Времени, сохраняет людей и эпохи.
333 Примечание о целевом назначении __
a Примечание о целевом назначении 16+. Для детей старше 16 лет
606 Тематические рубрики __
a Основная рубрика Художественная литература
606 Тематические рубрики __
a Основная рубрика Современная русская литература (произведения)
610 Ключевые слова __
a Ключевые слова историческая литература
610 Ключевые слова __
a Ключевые слова житейские истории
610 Ключевые слова __
a Ключевые слова психологическая проза
610 Ключевые слова __
a Ключевые слова судьба человека
610 Ключевые слова __
a Ключевые слова романы
610 Ключевые слова __
a Ключевые слова исторические романы
610 Ключевые слова __
a Ключевые слова историческая проза
610 Ключевые слова __
a Ключевые слова женская проза
686 Индексы других классификаций __
2 Код системы rubbks
a Классификационный индекс 84(2=411.2)6-4; ст84(2=411.2)6-4
700 Автор _1
a Фамилия Цитриняк
b Имя А. М.
c Титул (звания) псевдоним
c Титул (звания) Хемлин, Алла
f Даты 1960-
g Полное личное имя Алла Михайловна
4 Код отношения 070
801 Источник записи _0
a Страна RU
b Организация ГПНТБ России
c Дата составления 20200116
g Правила каталогизации PSBO
801 Источник записи _2
a Страна RU
b Организация Муниципальное бюджетное учреждение культуры "Централизованная библиотечная система" г. Сургут (Центральная городская библиотека им. А. С. Пушкина)
c Дата составления 20200116
852 Данные о местонахождении __
j Шифр хранения 84(2=411.2)6-4
i Авторский знак Ц 74
901 Тип документа __
a Ответственный КиК/Мамарузиева
t Тип документа m
903 Характеристики (МАРС) __
a Дата передачи 20200116
990 Данные о заказе (DOS) __
j Количество экземпляров (DOS) 3
t N записи в КСУ для И/У (DOS) 202002